000
00258nam a22001097a 4500
008
240708b |||||||| |||| 00| 0 eng d
100
_a
Mama, Warerkar
_9
16618
245
_a
Geeta
260
_b
Bharti Gyanpeeth;
_c
1966.
_a
Delhi;
300
_a
224p.
942
_c
BK
999
_c
40448
_d
40448